បរិស្ថាន (Record no. 9434)

000 -LEADER
fixed length control field 00274nam a22001217a 4500
040 ## - CATALOGING SOURCE
Transcribing agency HS
082 ## - DEWEY DECIMAL CLASSIFICATION NUMBER
Classification number 639
100 ## - MAIN ENTRY--AUTHOR NAME
Personal name វឹង សេដ្ឋា
245 ## - TITLE STATEMENT
Title បរិស្ថាន
260 ## - PUBLICATION, DISTRIBUTION, ETC. (IMPRINT)
Place of publication RUA
Name of publisher វឹង សេដ្ឋា
Year of publication 2011
300 ## - PHYSICAL DESCRIPTION
Number of Pages 46p;
942 ## - ADDED ENTRY ELEMENTS (KOHA)
Koha item type សៀវភៅភាសាខ្មែរ
952 ## - LOCATION AND ITEM INFORMATION (KOHA)
Withdrawn status [LOCAL, KOHA] 0
952 ## - LOCATION AND ITEM INFORMATION (KOHA)
Withdrawn status [LOCAL, KOHA] 0
Holdings
Permanent Location Date acquired Koha item type Lost status Shelving location Barcode Current Location Full call number
Library Block C2016-09-01សៀវភៅភាសាខ្មែរ C257RUA042278Library Block C639 វឹង 2011 C257
Library Block C2016-09-08សៀវភៅភាសាខ្មែរ C241A01898Library Block C639 វឹង 2011 C241
មជ្ឈមណ្ឌលឯការនៃសាកលវិទ្យាល័យភូមិន្ទកសិកម្មចំការដូង

Powered by Koha